[Event "Biel Chess Festival 2024 - Amateur tournament"]
[Site "Biel/Bienne"]
[Date "2024.07.18"]
[Round "3"]
[Board "4"]
[White "Conrad, Vincent"]
[Black "Haas, Anthony"]
[Result "1/2-1/2"]
[WhiteElo "1931"]
[BlackElo "1824"]
[PlyCount "0"]
[EventDate "2024.07.16"]
[EventRounds "9"]
[EventCountry "SUI"]

1. Nf3 d5 2. d4 e6 3. c4 Nf6 4. g3 Be7 5. Bg2 O-O 6. Qc2 b6 7. O-O Bb7 8. Ne5 Nbd7
9. Nc3 c5 10. Nxd7 Qxd7 11. dxc5 bxc5 12. Rd1 Rfd8 13. cxd5 exd5 14. Bg5 Qe6 15.
Nb5 Rd7 16. Rac1 a6 17. Nc3 Rad8 18. e3 h6 19. Bxf6 Qxf6 20. Na4 Rc7 21. Qe2 Qe6
22. Qc2 Rdc8  1/2-1/2

[Event "Biel Chess Festival 2024 - Amateur tournament"]
[Site "Biel/Bienne"]
[Date "2024.07.18"]
[Round "3"]
[Board "6"]
[White "Ribera Caro, Joan"]
[Black "Noh, Jinwoo"]
[Result "0-1"]
[WhiteElo "1923"]
[BlackElo "1812"]
[PlyCount "0"]
[EventDate "2024.07.16"]
[EventRounds "9"]
[EventCountry "SUI"]

1. d4 Nf6 2. Nf3 d5 3. c4 e6 4. g3 Be7 5. Bg2 O-O 6. O-O dxc4 7. Qc2 a6 8. Qxc4 b5
9. Qc2 Bb7 10. Bf4 Nd5 11. Nbd2 Nxf4 12. gxf4 Nc6 13. e3 Nb4 14. Qc3 Nd5 15. Qc2
Rc8 16. Nb3 Nb4 17. Qb1 f5 18. Ne5 Bxg2 19. Kxg2 Bd6 20. Nd3 Qh4 21. Nxb4 Qg4+ 22.
Kh1 Qf3+ 23. Kg1 Rf6 24. Rd1 Qe2 25. Nd2 Rg6+ 26. Kh1 Bxb4 27. Rg1 Bxd2 28. Rxg6
hxg6 29. Qc2 Qxf2 30. Qc6 Qxe3 31. Rd1 Bb4 32. a3 Bd6 33. Qb7 Rf8 34. Kg2 Qe4+  0-1

[Event "Biel Chess Festival 2024 - Amateur tournament"]
[Site "Biel/Bienne"]
[Date "2024.07.18"]
[Round "3"]
[Board "12"]
[White "Nasybullina, Alfia"]
[Black "Linder, Ernst"]
[Result "1-0"]
[WhiteElo "1997"]
[BlackElo "1765"]
[PlyCount "0"]
[EventDate "2024.07.16"]
[EventRounds "9"]
[EventCountry "SUI"]

1. d4 d5 2. c4 Nf6 3. cxd5 Qxd5 4. Nc3 Qd8 5. e4 e6 6. Nf3 Be7 7. Bd3 c6 8. Bg5 Nbd7
9. Qd2 O-O 10. O-O-O b5 11. e5 b4 12. Ne4 Nd5 13. Nd6 a5 14. Bxe7 Qxe7 15. Rhe1 Ba6
16. Re4 Bxd3 17. Qxd3 c5 18. Rh4 h6 19. g4 cxd4 20. Qxd4 f6 21. Nf5 Qc5+ 22. Qxc5
Nxc5 23. exf6 Rxf6 24. Ne5 Rc8 25. Kb1 Nc3+ 26. bxc3 exf5 27. cxb4 axb4 28. Rc1 g5
29. Rh3 f4 30. Rb3 Rc7 31. Rxb4 Re6 32. Rb8+ Kg7 33. Nd3 Rec6 34. Nxc5 Rxc5 35. Rxc5
Rxc5 36. Kb2 Re5 37. Rc8 Re1 38. Rc1 Re2+ 39. Rc2 Re6 40. a4 Re4 41. Kb3 f3 42. h3
Re2 43. a5 Kf6 44. a6 Re7 45. Ra2 Ra7 46. Kc4 Ke5 47. Kc5 Ke4 48. Kb6 Re7 49. a7
Re6+ 50. Kc5  1-0

[Event "Biel Chess Festival 2024 - Amateur tournament"]
[Site "Biel/Bienne"]
[Date "2024.07.18"]
[Round "3"]
[Board "16"]
[White "Keymer, Cecilia"]
[Black "Jordan, Christina"]
[Result "0-1"]
[WhiteElo "1865"]
[BlackElo "1749"]
[PlyCount "0"]
[EventDate "2024.07.16"]
[EventRounds "9"]
[EventCountry "SUI"]

1. d4 d5 2. c4 c6 3. Nf3 Nf6 4. e3 Bf5 5. cxd5 cxd5 6. Nc3 Nc6 7. Ne5 a6 8. Be2 e6
9. g4 Bg6 10. h4 h6 11. Nxg6 fxg6 12. Bd3 Bd6 13. Bxg6+ Kd7 14. f4 Ne7 15. Bd3 Qf8
16. Qf3 g6 17. e4 dxe4 18. Nxe4 Nc6 19. Be3 Nd5 20. Nxd6 Qxd6 21. O-O Rhg8 22. Rad1
Raf8 23. Be4 Nce7 24. Bc1 g5 25. hxg5 hxg5 26. f5 exf5 27. gxf5 Rh8 28. Qg2 Nf4 29.
Rxf4 gxf4 30. Kf1 Rhg8 31. Qf2 Nxf5 32. Bxf5+ Rxf5 33. Qf3 Qb6 34. Qe4 Qb5+ 35. Qd3
Qd5 36. Qh3 Rg3 37. Qh2 Qf3+ 38. Ke1 Rh5 39. Qe2 Rg1+ 40. Kd2 Rg2 41. Qxg2 Qxg2+
 0-1

[Event "Biel Chess Festival 2024 - Amateur tournament"]
[Site "Biel/Bienne"]
[Date "2024.07.18"]
[Round "3"]
[Board "23"]
[White "Boyer, Jean-Francois"]
[Black "Bangerter, Daria"]
[Result "0-1"]
[WhiteElo "1742"]
[BlackElo "1931"]
[PlyCount "0"]
[EventDate "2024.07.16"]
[EventRounds "9"]
[EventCountry "SUI"]

1. e4 c5 2. c3 g6 3. d4 cxd4 4. cxd4 d5 5. e5 Nc6 6. h3 Nh6 7. Nf3 Nf5 8. Nc3 h6
9. g4 Ng7 10. Qb3 e6 11. a3 Be7 12. Be3 Bd7 13. Qd1 Na5 14. b4 Rc8 15. Nb5 Nc4 16.
Bxc4 Rxc4 17. Nd6+ Bxd6 18. exd6 Rc6 19. Bf4 g5 20. Bg3 f6 21. Qd3 Kf7 22. h4 Qc8
23. Kd2 Qg8 24. Rac1 Ke8 25. b5 Rb6 26. a4 Qf7 27. Rc7 Kf8 28. Rhc1 Ne8 29. a5 Rxb5
30. Qxb5 Bxb5 31. Rxf7+ Kxf7 32. Rc8 Rf8 33. Rd8 Ng7 34. Rxf8+ Kxf8 35. hxg5 hxg5
36. Ne1 Ke8 37. Nd3 Bxd3 38. Kxd3 Kd7 39. f4 gxf4 40. Bxf4 Ne8 41. g5 fxg5 42. Bxg5
Nxd6 43. Bd2 Nc4 44. Bb4 Kc6 45. Bc5 a6  0-1

[Event "Biel Chess Festival 2024 - Amateur tournament"]
[Site "Biel/Bienne"]
[Date "2024.07.18"]
[Round "3"]
[Board "26"]
[White "Voet, Dirk"]
[Black "Panda, Gyorgy"]
[Result "1-0"]
[WhiteElo "1901"]
[BlackElo "1713"]
[PlyCount "0"]
[EventDate "2024.07.16"]
[EventRounds "9"]
[EventCountry "SUI"]

1. g3 d5 2. Bg2 Nf6 3. b3 c6 4. Bb2 Nbd7 5. d3 e6 6. Nd2 Bd6 7. f4 O-O 8. e3 Re8
9. d4 a5 10. Ngf3 a4 11. O-O a3 12. Bc1 c5 13. c3 Qa5 14. Qc2 b5 15. h4 cxd4 16.
exd4 Ba6 17. b4 Qb6 18. Bxa3 Rec8 19. Qd3 Bb7 20. Bb2 Ne4 21. Kh2 Qd8 22. Ne5 Ndf6
23. a3 Qc7 24. Rac1 Qe7 25. Nb3 Ra7 26. Nc5 Nxc5 27. dxc5 Bxe5 28. fxe5 Nd7 29. Qd4
Bc6 30. Rce1 Nf8 31. Rf2 Ng6 32. Bf1 Rf8 33. Bd3 Qd8 34. Bc1 h6 35. Ref1 Ne7 36.
Qg4 Nf5 37. Qe2 Rb7 38. a4 bxa4 39. b5 Be8 40. c6 Rc7 41. Bxf5 exf5 42. Ba3 g6 43.
Qe3 Bxc6 44. Bxf8 Qxf8 45. bxc6 Rxc6 46. Qd4 Rc4 47. Qxd5 Rxc3 48. e6 Qb8 49. exf7+
Kf8 50. Rg2 Qb6 51. Re1  1-0

[Event "Biel Chess Festival 2024 - Amateur tournament"]
[Site "Biel/Bienne"]
[Date "2024.07.18"]
[Round "3"]
[Board "29"]
[White "Bachmann, Daniel"]
[Black "Galopin, Clement"]
[Result "0-1"]
[WhiteElo "1713"]
[BlackElo "1816"]
[PlyCount "0"]
[EventDate "2024.07.16"]
[EventRounds "9"]
[EventCountry "SUI"]

1. e4 e5 2. Nc3 Nc6 3. Bc4 Nf6 4. d3 Be7 5. f4 d6 6. Nf3 Bg4 7. h3 Bxf3 8. Qxf3 Nd4
9. Qd1 c6 10. a4 a5 11. Ne2 Nxe2 12. Qxe2 O-O 13. O-O Qc7 14. fxe5 dxe5 15. Bg5 b5
16. axb5 cxb5 17. Ba2 Rac8 18. Bxf6 Bxf6 19. Qg4 Qb6+ 20. Kh1 Rxc2 21. Rab1 Be7 22.
Qd7 Qg6 23. Qg4 Qxg4 24. hxg4 Bg5 25. Rf5 Bf4 26. d4 g6 27. Rf6 Kg7 28. Rd6 Rfc8
29. dxe5 Rc1+ 30. Rd1 Rxd1+ 31. Rxd1 Bxe5 32. Rb1 Rc2 33. Bd5 Rxb2 34. Ra1 a4 35.
Kg1 Rxg2+ 36. Kxg2 Bxa1 37. Bc6 a3 38. Bxb5 Kh6 39. Bc4 f6 40. Kf3 Kg5 41. Bg8 Be5
42. Be6 h5 43. gxh5 gxh5 44. Kg2 Kf4 45. Bd5 Bc3 46. Kh3 Be1 47. Kg2 Ke5 48. Kf1
Bc3 49. Ba2 Kxe4 50. Kg2 f5 51. Bb1+ Kf4 52. Kh3 Be1 53. Ba2 Ke3 54. Kg2 f4 55. Kf1
Bf2 56. Bf7 f3 57. Bd5 h4 58. Be6 h3 59. Bd5 h2 60. Bxf3 a2 61. Kg2 h1=Q+ 62. Kxh1
a1=Q+  0-1

[Event "Biel Chess Festival 2024 - Amateur tournament"]
[Site "Biel/Bienne"]
[Date "2024.07.18"]
[Round "3"]
[Board "32"]
[White "Kim, Donghan"]
[Black "Kim, Sarang"]
[Result "1/2-1/2"]
[WhiteElo "1800"]
[BlackElo "1660"]
[PlyCount "0"]
[EventDate "2024.07.16"]
[EventRounds "9"]
[EventCountry "SUI"]

1. e4 e6 2. d4 d5 3. exd5 exd5 4. Bd3 Bd6 5. Nf3 Nf6 6. O-O O-O 7. h3 h6 8. c3 c6
9. Qc2 Qc7 10. Be3 b6 11. Nbd2 Bb7 12. Rfe1 c5 13. dxc5 bxc5 14. Nh4 Bf4 15. Bxf4
Qxf4 16. Ndf3 Nc6 17. Rad1 Rfe8 18. Rxe8+ Rxe8 19. Qd2 Qxd2 20. Rxd2 Ne4 21. Bxe4
dxe4 22. Nh2 Ne5 23. Ng4 Nxg4 24. hxg4 Bc8 25. f3 exf3 26. gxf3 Kh7 27. Kf2 g5 28.
Ng2 Kg6 29. Rd6+ Re6 30. Rxe6+ Bxe6 31. a3 Bb3  1/2-1/2

[Event "Biel Chess Festival 2024 - Amateur tournament"]
[Site "Biel/Bienne"]
[Date "2024.07.18"]
[Round "3"]
[Board "41"]
[White "Zarriess, Benjamin"]
[Black "Ahn, Taehyun"]
[Result "1/2-1/2"]
[WhiteElo "1767"]
[BlackElo "1561"]
[PlyCount "0"]
[EventDate "2024.07.16"]
[EventRounds "9"]
[EventCountry "SUI"]

1. e4 c5 2. Nf3 Nf6 3. e5 Nd5 4. Nc3 Nxc3 5. dxc3 d6 6. Bb5+ Bd7 7. Bxd7+ Qxd7 8.
exd6 exd6 9. O-O Nc6 10. Re1+ Be7 11. Bf4 O-O 12. Qd3 Rfe8 13. Rad1 Red8 14. Ng5
g6 15. Qd5 Qf5 16. Qxf5 gxf5 17. Rd5 Re8 18. Nf3 Bf8 19. Rxe8 Rxe8 20. Kf1 Ne7 21.
Rd1 Ng6 22. Bg5 h6 23. Bc1 f6 24. Rd5 Ne5 25. Nh4 Ng4 26. Nf3 Ne5 27. Bf4 Nxf3 28.
gxf3 Kf7 29. Rxf5 Kg6 30. Rd5 f5 31. c4 Rd8 32. c3 Kf6 33. Be3 Ke6 34. Kg2 b5 35.
b3 Bg7 36. Bxc5 bxc4 37. bxc4 Bxc3 38. Be3 h5 39. Rd3 Be5 40. f4 Bf6 41. Ra3 Rc8
42. Rxa7 Rxc4 43. Ra3 d5 44. Ra6+ Ke7 45. Ra7+ Ke6 46. Ra6+ Kf7 47. Ra7+ Ke6 48.
Ra6+  1/2-1/2

[Event "Biel Chess Festival 2024 - Amateur tournament"]
[Site "Biel/Bienne"]
[Date "2024.07.18"]
[Round "3"]
[Board "42"]
[White "Rossi, Jonas"]
[Black "Kim, Hyunwoo B"]
[Result "1-0"]
[WhiteElo "1760"]
[BlackElo "1462"]
[PlyCount "0"]
[EventDate "2024.07.16"]
[EventRounds "9"]
[EventCountry "SUI"]

1. d4 d5 2. c4 e6 3. Nc3 c6 4. e4 dxe4 5. Nxe4 Nf6 6. Nxf6+ Qxf6 7. Nf3 b6 8. a3
h6 9. Be2 Bd6 10. O-O O-O 11. Qc2 Nd7 12. Bd2 a5 13. Bc3 Bb7 14. Rfe1 Rfe8 15. Rad1
Rad8 16. c5 Bc7 17. d5 Qg6 18. Qxg6 fxg6 19. dxe6 Nxc5 20. Bc4 Kh7 21. Rxd8 Bxd8
22. b4 b5 23. Ba2 Na4 24. Bd4 Bc8 25. Ne5 Bxe6 26. Nxc6  1-0

[Event "Biel Chess Festival 2024 - Amateur tournament"]
[Site "Biel/Bienne"]
[Date "2024.07.18"]
[Round "3"]
[Board "43"]
[White "Materia, Mario"]
[Black "Akhmediyar, Yernur"]
[Result "0-1"]
[WhiteElo "1590"]
[BlackElo "1751"]
[PlyCount "0"]
[EventDate "2024.07.16"]
[EventRounds "9"]
[EventCountry "SUI"]

1. d4 Nf6 2. c4 e6 3. Nc3 d5 4. Bg5 Be7 5. e3 h6 6. Bf4 a6 7. cxd5 exd5 8. Bd3 O-O
9. Nf3 Be6 10. Rc1 Nbd7 11. O-O Nh5 12. Qb3 Nxf4 13. exf4 Nb6 14. f5 Bc8 15. a4 c6
16. Ne5 a5 17. Rfe1 Bd6 18. Re2 Bxe5 19. dxe5 c5 20. Bb1 c4 21. Qd1 d4 22. Rd2 d3
23. Qf3 Qg5 24. Qe3 Qxe3 25. fxe3 Bxf5 26. e4 Be6 27. b3 cxb3 28. Rxd3 Rac8 29. Rcd1
Nc4 30. Rg3 Nxe5 31. Nd5 Bxd5 32. exd5 b2 33. Re3 Rc1 34. Ree1 Rfc8 35. Kf2 Rxb1
36. Rxb1 Nd3+ 37. Kf1 Nxe1 38. Rxb2 Nc2 39. Rxb7 Ne3+ 40. Kf2 Nxd5 41. Rb5 Rc2+ 42.
Kf3 Rc3+ 43. Ke4 Nf6+ 44. Kd4 Rc2 45. Rxa5 Rxg2 46. Ra7 Rxh2 47. a5 g5 48. Ke5 Kg7
49. a6 Ra2 50. Ra8 g4 51. Kf4 Ra3 52. a7 g3 53. Rb8 Rxa7 54. Kxg3 Kg6 55. Rb5 h5
56. Rb4 Ra3+ 57. Kh4 Ra5 58. Kg3 Kg5 59. Rb7 h4+ 60. Kg2 Ra2+ 61. Kh1 h3 62. Rxf7
Ng4 63. Rg7+ Kh4 64. Rh7+ Kg3 65. Rxh3+ Kxh3 66. Kg1 Ra1#  0-1

[Event "Biel Chess Festival 2024 - Amateur tournament"]
[Site "Biel/Bienne"]
[Date "2024.07.18"]
[Round "3"]
[Board "47"]
[White "Meise, Volker"]
[Black "Shin, Seungmin"]
[Result "1/2-1/2"]
[WhiteElo "1772"]
[BlackElo "1493"]
[PlyCount "0"]
[EventDate "2024.07.16"]
[EventRounds "9"]
[EventCountry "SUI"]

1. d4 Nf6 2. Nf3 e6 3. Bg5 Be7 4. e3 h6 5. Bf4 d5 6. Bd3 Nbd7 7. O-O c5 8. c4 cxd4
9. exd4 a6 10. Nc3 dxc4 11. Bxc4 b5 12. Bb3 Nb6 13. Re1 O-O 14. Ne5 Bb7 15. Qd3 Nbd5
16. Bxh6 gxh6 17. Qg3+ Kh8  1/2-1/2

[Event "Biel Chess Festival 2024 - Amateur tournament"]
[Site "Biel/Bienne"]
[Date "2024.07.18"]
[Round "3"]
[Board "48"]
[White "Speerli, Maria"]
[Black "Schweizer, Ulrich"]
[Result "1/2-1/2"]
[WhiteElo "1540"]
[BlackElo "1727"]
[PlyCount "0"]
[EventDate "2024.07.16"]
[EventRounds "9"]
[EventCountry "SUI"]

1. d4 d5 2. Nc3 Nf6 3. Bg5 Nbd7 4. e3 e6 5. Nf3 Be7 6. a3 c5 7. Bd3 a6 8. a4 b6 9.
O-O Bb7 10. Re1 c4 11. Be2 Rc8 12. Nb1 h6 13. Bf4 Ne4 14. Nbd2 Ndf6 15. Nxe4 Nxe4
16. c3 O-O 17. Nd2 Nf6 18. Qc1 Bd6 19. Bxd6 Qxd6 20. h3 Rc7 21. Bf3 Re8 22. e4 dxe4
23. Nxe4 Nxe4 24. Bxe4 Bxe4 25. Rxe4 Rce7 26. Qf1 Qc6 27. Qe1 Kf8 28. Re5 Rd8 29.
Qb1 g6 30. Qc1 Kg7 31. Qf4 Rd5 32. Qf3 Qd7 33. Rxd5 exd5  1/2-1/2

[Event "Biel Chess Festival 2024 - Amateur tournament"]
[Site "Biel/Bienne"]
[Date "2024.07.18"]
[Round "3"]
[Board "50"]
[White "Choi, Juneho"]
[Black "Kern, Beat"]
[Result "0-1"]
[WhiteElo "1497"]
[BlackElo "1717"]
[PlyCount "0"]
[EventDate "2024.07.16"]
[EventRounds "9"]
[EventCountry "SUI"]

1. e4 c6 2. d4 d5 3. e5 Bf5 4. Nf3 e6 5. Bf4 Ne7 6. Bd3 Bxd3 7. Qxd3 Ng6 8. Bg3 Be7
9. O-O O-O 10. Nbd2 c5 11. c3 Nc6 12. Qc2 Rc8 13. Nb3 c4 14. Nbd2 b5 15. b3 cxb3
16. Qxb3 Qb6 17. Rab1 a6 18. a4 Na5 19. Qb2 Qc7 20. axb5 axb5 21. Qxb5 Rb8 22. Qa4
Rxb1 23. Rxb1 Qxc3 24. Qa1 Qxa1 25. Rxa1 Nc6 26. Rb1 Ra8 27. h3 h6 28. Rb6 Nxd4 29.
Nxd4 Bc5 30. Rc6 Bxd4 31. Nf3 Bb2 32. Rc2 Rb8 33. Rd2 Kf8 34. Kf1 Bc1 35. Rd1 Bf4
36. Bxf4 Nxf4 37. h4 Ke8 38. g3 Ng6 39. h5 Ne7 40. Nd4 Kd7 41. Rc1 Rc8 42. Rxc8 Nxc8
43. Ke2 Nb6 44. Nb5 Nc4 45. f4 f6 46. exf6 gxf6 47. Nc3 f5 48. Kf3 Nd2+ 49. Ke2 Ne4
50. Nxe4 fxe4 51. Kd2 Kd6 52. Ke3 Kc5 53. Ke2 Kd4 54. Kd2 e3+ 55. Ke2 Ke4 56. Kf1
Kf3 57. Ke1 Kxg3  0-1

[Event "Biel Chess Festival 2024 - Amateur tournament"]
[Site "Biel/Bienne"]
[Date "2024.07.18"]
[Round "3"]
[Board "51"]
[White "Kim, Danha"]
[Black "Noel, Lucien"]
[Result "0-1"]
[WhiteElo "1491"]
[BlackElo "1714"]
[PlyCount "0"]
[EventDate "2024.07.16"]
[EventRounds "9"]
[EventCountry "SUI"]

1. e4 c5 2. d4 cxd4 3. c3 dxc3 4. Nxc3 Nc6 5. Nf3 e6 6. e5 Qc7 7. Nb5 Qb8 8. Nd6+
Bxd6 9. exd6 Nf6 10. Bc4 Nb4 11. b3 Nbd5 12. Ba3 b5 13. Bxd5 Nxd5 14. Bc5 b4 15.
Qd4 Ba6 16. Qxg7 Rf8 17. Qxh7 Qb5 18. Qc2 Rc8 19. Rc1 Rxc5 20. Nd4 Rxc2 21. Rxc2
Qd3 22. Rd2 Qb1+ 23. Rd1 Qe4+  0-1

[Event "Biel Chess Festival 2024 - Amateur tournament"]
[Site "Biel/Bienne"]
[Date "2024.07.18"]
[Round "3"]
[Board "52"]
[White "Shin, Yisoo"]
[Black "Meier, Herbert"]
[Result "0-1"]
[WhiteElo "1449"]
[BlackElo "1676"]
[PlyCount "0"]
[EventDate "2024.07.16"]
[EventRounds "9"]
[EventCountry "SUI"]

1. e4 e5 2. Nf3 Nf6 3. Nxe5 d6 4. Nf3 Nxe4 5. d4 d5 6. Bd3 Bd6 7. O-O O-O 8. Re1
Bf5 9. Nbd2 Nxd2 10. Bxf5 Nxf3+ 11. Qxf3 c6 12. Qh3 g6 13. Bd3 Re8 14. Bd2 Nd7 15.
Rxe8+ Qxe8 16. Re1 Qd8 17. Bh6 Bf8 18. f4 Bxh6 19. Qxh6 Qf6 20. c3 c5 21. dxc5 Nxc5
22. Bc2 d4 23. cxd4 Qxd4+ 24. Kh1 Qd2 25. Rf1 Qxc2 26. f5 Qd3 27. Qf4 Qxf5  0-1

[Event "Biel Chess Festival 2024 - Amateur tournament"]
[Site "Biel/Bienne"]
[Date "2024.07.18"]
[Round "3"]
[Board "54"]
[White "Weihs, David"]
[Black "Gueldenapfel, Thomas"]
[Result "1-0"]
[WhiteElo "1733"]
[BlackElo "1513"]
[PlyCount "0"]
[EventDate "2024.07.16"]
[EventRounds "9"]
[EventCountry "SUI"]

1. e4 e5 2. Nc3 Nc6 3. Bc4 Nf6 4. d3 Bb4 5. f4 O-O 6. Nf3 Re8 7. O-O Bc5+ 8. Kh1
Ng4 9. Bxf7+ Kxf7 10. Ng5+ Kg8 11. Qxg4 d6 12. f5 h6 13. Nf3 Nd4 14. Bxh6 Qf6 15.
Bg5 Qf7 16. Nxd4 Bxd4 17. Rf3 a6 18. Qh4 Kf8 19. f6 Qg8 20. fxg7+ Kxg7 21. Qh6#  1-0

[Event "Biel Chess Festival 2024 - Amateur tournament"]
[Site "Biel/Bienne"]
[Date "2024.07.18"]
[Round "3"]
[Board "55"]
[White "Muehlemann, Walter"]
[Black "Rossi, Patrick"]
[Result "0-1"]
[WhiteElo "1677"]
[BlackElo "1539"]
[PlyCount "0"]
[EventDate "2024.07.16"]
[EventRounds "9"]
[EventCountry "SUI"]

1. e4 e6 2. d4 d5 3. exd5 exd5 4. Bd3 Nf6 5. Nf3 Bg4 6. O-O Be7 7. Bf4 O-O 8. Nbd2
Nbd7 9. h3 Bh5 10. c3 c6 11. Qc2 Re8 12. Rfe1 Rc8 13. Re3 Bg6 14. Rae1 Bxd3 15. Qxd3
h6 16. Qe2 Kf8 17. Bh2 b6 18. Nh4 c5 19. Nf5 Ng8 20. Qg4 g6 21. Nd6 Ngf6 22. Qe2
Bxd6 23. Bxd6+ Kg7 24. dxc5 bxc5 25. Be7 Qb6 26. Bxf6+ Nxf6 27. Nf3 Rxe3 28. Qxe3
Qxb2 29. Re2 Qb1+ 30. Kh2 Qb8+ 31. g3 Re8 32. Qd2 Rxe2 33. Qxe2 Ne4 34. Qe3 Qb2 35.
Kg2 Qxc3 36. Qe2 c4 37. Nh2 h5 38. Nf3 a5 39. Qd1 Qb2 40. Qe1 c3  0-1

[Event "Biel Chess Festival 2024 - Amateur tournament"]
[Site "Biel/Bienne"]
[Date "2024.07.19"]
[Round "4"]
[Board "4"]
[White "Kuenzli, Simon"]
[Black "Yu, Tianxiang Carlos"]
[Result "1/2-1/2"]
[WhiteElo "1919"]
[BlackElo "1769"]
[PlyCount "0"]
[EventDate "2024.07.16"]
[EventRounds "9"]
[EventCountry "SUI"]

1. e4 c5 2. Nf3 d6 3. Bb5+ Bd7 4. Bxd7+ Qxd7 5. c4 Nf6 6. Nc3 Nc6 7. O-O g6 8. d4
cxd4 9. Nxd4 Bg7 10. Nde2 O-O 11. f3 a6 12. Be3 Ne5 13. b3 b5 14. Nd5 Qb7 15. Nb6
Rab8 16. Rc1 bxc4 17. Nxc4 Nxc4 18. Rxc4 d5 19. exd5 Nxd5 20. Bf2 Rfd8 21. Qb1 h5
22. Rfc1 Rbc8 23. Qe4 e6 24. Nf4 Rxc4 25. Rxc4 Qb8 26. g3 Nxf4 27. Qxf4 Qxf4 28.
Rxf4 Rd1+ 29. Kg2 Rd2 30. Ra4 Bc3 31. Kf1 a5 32. h4 e5 33. Be3 Rd5 34. Rc4 Bb4 35.
Ke2 Kg7 36. Rc6 Rd6 37. Rc4 Rd5 38. Rc6 Rd6 39. Rc4  1/2-1/2

[Event "Biel Chess Festival 2024 - Amateur tournament"]
[Site "Biel/Bienne"]
[Date "2024.07.19"]
[Round "4"]
[Board "13"]
[White "Richard, Jean-Paul"]
[Black "Schneuwly, Achim"]
[Result "0-1"]
[WhiteElo "1796"]
[BlackElo "1933"]
[PlyCount "0"]
[EventDate "2024.07.16"]
[EventRounds "9"]
[EventCountry "SUI"]

1. e4 c5 2. Nf3 Nc6 3. d4 cxd4 4. Nxd4 Qc7 5. Nc3 e6 6. Be3 Nf6 7. f3 a6 8. Qd2 Bb4
9. a3 Be7 10. Be2 b5 11. O-O Bb7 12. f4 Rc8 13. e5 Nxd4 14. Bxd4 Nd5 15. Bf3 Nb6
16. Bxb7 Nc4 17. Qd3 Qxb7 18. Qe4 Qc7 19. Rad1 Nxb2 20. Rd2 Nc4 21. Rd3 Bc5 22. Kh1
d5 23. exd6 Nxd6 24. Qe5 Bxd4 25. Qxd4 Nf5 26. Qe4 O-O 27. Ne2 Qc6 28. Qxc6 Rxc6
29. Nd4 Nxd4 30. Rxd4 Rxc2 31. Rd6 Ra8 32. Rfd1 g6 33. h3 Rc3 34. a4 bxa4 35. R1d4
a3 36. Ra4 a5 37. Rb6 Kg7 38. Kh2 h5 39. h4 Kf6 40. g3 Rd8 41. Rxa5 Rd2+ 42. Kh3
Rc1 43. g4 Rc3#  0-1

[Event "Biel Chess Festival 2024 - Amateur tournament"]
[Site "Biel/Bienne"]
[Date "2024.07.19"]
[Round "4"]
[Board "14"]
[White "Bangerter, Daria"]
[Black "Cardoso Rodrigues, Michael"]
[Result "1-0"]
[WhiteElo "1931"]
[BlackElo "1796"]
[PlyCount "0"]
[EventDate "2024.07.16"]
[EventRounds "9"]
[EventCountry "SUI"]

1. e4 e5 2. Nf3 Nf6 3. d4 Nxe4 4. Bd3 d5 5. Nxe5 Nd7 6. Nc3 Bb4 7. O-O Nxc3 8. bxc3
Bxc3 9. Rb1 Nxe5 10. dxe5 O-O 11. Bxh7+ Kxh7 12. Qd3+ Kg8 13. Qxc3 b6 14. Qg3 Bf5
15. Bh6 Bg6 16. Bg5 Qd7 17. Rb4 d4 18. Qh4 c5 19. Rb3 d3 20. cxd3 Bxd3 21. Qg3 c4
22. Rc3 Rac8 23. Bf6 Bg6 24. Qh4 Bd3 25. Qg5 Bg6 26. Bxg7 Kxg7 27. Rh3 Qxh3 28. gxh3
f6 29. exf6+ Rxf6 30. Rd1 Rc7 31. Qe5 Rc5 32. Rd5 Rc6 33. Rd7+ Bf7 34. Rc7 Re6 35.
Qc3 b5 36. a3 a6 37. Kf1 Rd6 38. Ke1 Rd3 39. Qe5 Rxa3 40. Qg5+ Rg6 41. Qe7 Rf6 42.
Qxa3  1-0

[Event "Biel Chess Festival 2024 - Amateur tournament"]
[Site "Biel/Bienne"]
[Date "2024.07.19"]
[Round "4"]
[Board "18"]
[White "Boillat, Maxime"]
[Black "Voet, Dirk"]
[Result "1-0"]
[WhiteElo "1768"]
[BlackElo "1901"]
[PlyCount "0"]
[EventDate "2024.07.16"]
[EventRounds "9"]
[EventCountry "SUI"]

1. e4 g6 2. d4 Bg7 3. Nc3 d6 4. h4 b6 5. Be2 h5 6. Nf3 Bb7 7. Ng5 Nd7 8. Bc4 Nh6
9. Bxf7+ Nxf7 10. Ne6 Qc8 11. Nxg7+ Kf8 12. Ne6+ Kg8 13. Ng5 Nf6 14. f3 Nd8 15. Be3
e5 16. Qd2 Kg7 17. dxe5 dxe5 18. Nd5 Nc6 19. O-O-O Rd8 20. Qc3 Re8 21. Nxf6 Kxf6
22. g4 hxg4 23. fxg4 Qxg4 24. Rdf1+ Kg7  1-0

[Event "Biel Chess Festival 2024 - Amateur tournament"]
[Site "Biel/Bienne"]
[Date "2024.07.19"]
[Round "4"]
[Board "23"]
[White "Akhmediyar, Yernur"]
[Black "Gafner, Lancelot"]
[Result "1-0"]
[WhiteElo "1751"]
[BlackElo "1864"]
[PlyCount "0"]
[EventDate "2024.07.16"]
[EventRounds "9"]
[EventCountry "SUI"]

1. c4 e5 2. Nc3 Nf6 3. Nf3 Nc6 4. e4 Bb4 5. d3 d6 6. Be2 h6 7. O-O O-O 8. a3 Ba5
9. b4 Bb6 10. Na4 Bd4 11. Rb1 Bb6 12. Bb2 Bg4 13. h3 Bxf3 14. Bxf3 Bd4 15. b5 Ne7
16. Bxd4 exd4 17. Qe2 c6 18. bxc6 bxc6 19. e5 dxe5 20. Qxe5 Re8 21. Qc5 Qd7 22. Rfe1
Rac8 23. Qa5 c5 24. Nxc5 Qf5 25. Nb7 Qxd3 26. Rbd1 Qf5 27. Rxe7 Qxa5 28. Rxe8+ Nxe8
29. Nxa5 Rc5 30. Nc6 Rxc4 31. Rxd4 Rc1+ 32. Kh2 Nc7 33. Nxa7 Rc3 34. a4 Ne6 35. Rb4
Rc5 36. Rb5 Rc4 37. a5 Nd4 38. Rb8+ Kh7 39. Be4+ g6 40. Rb7 Ra4 41. Rxf7+ Kg8 42.
Rd7 Rxa5 43. Rxd4 Rxa7 44. Bxg6 Kg7 45. Bf5 Kf6 46. g4 Ra2 47. Kg3 Ra3+ 48. f3 Ke5
49. Re4+ Kf6 50. Re6+ Kg7 51. Rg6+  1-0

[Event "Biel Chess Festival 2024 - Amateur tournament"]
[Site "Biel/Bienne"]
[Date "2024.07.19"]
[Round "4"]
[Board "35"]
[White "Van Bogaert, Olivier"]
[Black "Zarriess, Benjamin"]
[Result "1-0"]
[WhiteElo "1815"]
[BlackElo "1767"]
[PlyCount "0"]
[EventDate "2024.07.16"]
[EventRounds "9"]
[EventCountry "SUI"]

1. c4 e6 2. g3 d5 3. Bg2 Nf6 4. Nf3 Be7 5. O-O O-O 6. d4 Nbd7 7. Qd3 c6 8. Nc3 b6
9. b3 Bb7 10. Bf4 Rc8 11. Rfd1 a6 12. e4 dxe4 13. Nxe4 c5 14. Ne5 Nxe4 15. Bxe4 Bxe4
16. Qxe4 Nxe5 17. Bxe5 Qe8 18. Qb7 cxd4 19. Bxd4 Bc5 20. Bxc5 bxc5 21. Qxa6 Qe7 22.
Qd6 Qb7  1-0

[Event "Biel Chess Festival 2024 - Amateur tournament"]
[Site "Biel/Bienne"]
[Date "2024.07.19"]
[Round "4"]
[Board "42"]
[White "Brandes, Stefan"]
[Black "Meise, Volker"]
[Result "1-0"]
[WhiteElo "1624"]
[BlackElo "1772"]
[PlyCount "0"]
[EventDate "2024.07.16"]
[EventRounds "9"]
[EventCountry "SUI"]

1. d4 d5 2. Bf4 Nf6 3. Nf3 Bf5 4. e3 e6 5. Nbd2 c5 6. c3 a6 7. h3 Be7 8. Nh4 Be4
9. Nxe4 Nxe4 10. Nf3 Nd7 11. Bd3 Ndf6 12. Ne5 c4 13. Bc2 O-O 14. O-O Bd6 15. f3 Bxe5
16. Bxe5 Nd6 17. Qe1 Nde8 18. e4 Nd7 19. Bg3 f5 20. exf5 exf5 21. Qe6+ Kh8 22. Qxd5
Nb6 23. Qe5 Qf6 24. Rfe1 g6 25. Qe7 Qxe7 26. Rxe7 Ra7 27. Rae1 Nd5 28. Rxe8  1-0